| Tag |
First Indicator |
Second Indicator |
Subfields |
| LEADER |
00000cam a2200000 4500 |
| 001 |
in00000046809 |
| 005 |
20190207093423.0 |
| 008 |
730301s1947 nyuf 00000 eng u |
| 010 |
|
|
|a 47030214
|
| 035 |
|
|
|a (OCoLC)00567406
|
| 035 |
|
|
|9 AAF3179AM
|
| 040 |
|
|
|c WSU
|d TXA
|d UtOrBLW
|
| 049 |
|
|
|a TXAM
|c [141551]
|
| 050 |
|
0 |
|a TX840.P7
|b A55
|
| 092 |
|
|
|a 641.5
|b A426p
|
| 100 |
1 |
|
|a Allen, Ida Bailey,
|d 1885-1973.
|
| 245 |
1 |
0 |
|a Pressure cooking.
|
| 264 |
|
1 |
|a Garden City N.Y. :
|b Garden City publishing co., inc.,
|c [1947]
|
| 300 |
|
|
|a 2 pages ., vii-xii pages, 1 ., 403 pages :
|b plates ;
|c 23 cm.
|
| 336 |
|
|
|a text
|b txt
|2 rdacontent
|
| 337 |
|
|
|a unmediated
|b n
|2 rdamedia
|
| 338 |
|
|
|a volume
|b nc
|2 rdacarrier
|
| 500 |
|
|
|a The Cushing Library/Chapman Texas Collection copy is part of the Floyd & Louise Chapman Texas & Borderlands Collection.
|5 TXA
|
| 500 |
|
|
|a Includes index.
|
| 500 |
|
|
|a "The Texas Cookbook Collection."
|
| 536 |
|
|
|a Cushing Library Texas copy was donated 1999 by Ona Stribling Beams, Dallas, Texas, in memory of George William Beams, Class of 1929.
|
| 650 |
|
0 |
|a Pressure cooking.
|
| 650 |
|
0 |
|a Cooking, American.
|
| 999 |
|
|
|a MARS
|
| 999 |
f |
f |
|s 11ed1239-e61d-3efb-a0de-8eaf07a32426
|i 162726da-4981-3dfd-8dc6-14814ebe2e45
|t 0
|
| 952 |
f |
f |
|p noncirc
|a Texas A&M University
|b College Station
|c Cushing Memorial Library & Archives
|d Cushing: Chapman Texas Collection (Does not check out)
|t 0
|e TX840.P7 A55 1957
|h Library of Congress classification
|i unmediated -- volume
|
| 952 |
f |
f |
|p ric
|a Texas A&M University
|b Rellis Campus
|c Joint Library Facility
|d Remote Storage
|t 0
|e TX840.P7 A55
|h Library of Congress classification
|i unmediated -- volume
|m A14801101165
|
| 998 |
f |
f |
|a TX840.P7 A55 1957
|t 0
|l Cushing: Chapman Texas Collection (Does not check out)
|
| 998 |
f |
f |
|a TX840.P7 A55
|t 0
|l Remote Storage
|